Έρευνα Αγοράς (Record no. 3687)
[ view plain ]
| 000 -LEADER | |
|---|---|
| fixed length control field | 02470cam a22002174a 4500 |
| 005 - ΗΜΕΡΟΜΗΝΙΑ ΚΑΙ ΩΡΑ ΤΕΛΕΥΤΑΙΑΣ ΕΝΗΜΕΡΩΣΗΣ | |
| Πεδίο ελέγχου | 20250605164122.0 |
| 008 - FIXED-LENGTH DATA ELEMENTS--GENERAL INFORMATION | |
| Πεδίο ελέγχου σταθερού μήκους | 250528s ||||||||||||||||||||||||d |
| 035 ## - SYSTEM CONTROL NUMBER | |
| System control number | 18324 |
| 020 ## - ISBN | |
| ISBN | 9607344286 |
| 040 ## - ΠΗΓΗ ΚΑΤΑΛΟΓΟΓΡΑΦΗΣΗΣ | |
| Φορέας πρωτότυπης καταλογογράφησης | MC Athens Campus Library |
| Γλώσσα καταλογογράφησης | Ελληνικά, Μοντέρνα (1453-) |
| Modifying agency | MC Athens Campus Library |
| Κανόνες περιγραφικής καταλογογράφησης | AACR2 |
| 245 1# - ΤΙΤΛΟΣ ΚΑΙ ΔΗΛΩΣΗ ΥΠΕΥΘΥΝΟΤΗΤΑΣ | |
| Τίτλος | Έρευνα Αγοράς |
| 260 ## - PUBLICATION, DISTRIBUTION, ETC. | |
| Name of publisher, distributor, etc. | Σύγχρονη Εκδοτική, |
| Date of publication, distribution, etc. | 1993 |
| 300 ## - PHYSICAL DESCRIPTION | |
| Extent | 256 |
| 505 0# - FORMATTED CONTENTS NOTE | |
| Formatted contents note | Πρόλογος, Εισαγωγή στην Έρευνα Αγοράς και το Σχεδιασμό της, Ο Ρόλος της Έρευνας Αγοράς στη Διαδικασία του Διοικητικού Marketing, Το Πρόβλημα της Έρευνας, Ορισμός και Σκοποί των Πηγών Πληροφοριών, Προγραμματισμός του Ερευνητικού Έργου, Επιλογή Κατάλληλης Τεχνικής Συλλογής Στοιχείων, Επιλογή Αποκρινόμενων στην Έρευνα, Η Προετοιμασία μιας Πρότασης για Έρευνα, Καθορισμός ενός Σχεδίου Ανάλυσης Στοιχείων, Μελέτη των Μέσων Συγκέντρωσης Στοιχείων, Συλλογή και Ανάλυση Στοιχείων, Ολοκγηρώνοντας τη Προσπάθεια Έρευνας Αγοράς. |
| 520 ## - SUMMARY, ETC. | |
| Summary, etc. | Πρόλογος, Εισαγωγή στην Έρευνα Αγοράς και το Σχεδιασμό της, Ο Ρόλος της Έρευνας Αγοράς στη Διαδικασία του Διοικητικού Marketing, Το Πρόβλημα της Έρευνας, Ορισμός και Σκοποί των Πηγών Πληροφοριών, Προγραμματισμός του Ερευνητικού Έργου, Επιλογή Κατάλληλης Τεχνικής Συλλογής Στοιχείων, Επιλογή Αποκρινόμενων στην Έρευνα, Η Προετοιμασία μιας Πρότασης για Έρευνα, Καθορισμός ενός Σχεδίου Ανάλυσης Στοιχείων, Μελέτη των Μέσων Συγκέντρωσης Στοιχείων, Συλλογή και Ανάλυση Στοιχείων, Ολοκγηρώνοντας τη Προσπάθεια Έρευνας Αγοράς. |
| 700 1# - ΠΡΟΣΘΕΤΗ ΑΝΑΓΡΑΦΗ--ΦΥΣΙΚΟ ΠΡΟΣΩΠΟ | |
| Personal name | Κιουλαφας Κ.Κ |
| 9 (RLIN) | 1044 |
| 700 1# - ΠΡΟΣΘΕΤΗ ΑΝΑΓΡΑΦΗ--ΦΥΣΙΚΟ ΠΡΟΣΩΠΟ | |
| Personal name | Κυριαζόπουλος Παναγιώτης Γ |
| 9 (RLIN) | 1045 |
| 942 ## - ADDED ENTRY ELEMENTS (KOHA) | |
| Koha item type | Books |
| Τύπος τεκμηρίου | Βιβλιοθήκη | Τρέχουσα τοποθεσία | Barcode | Αριθμός εισαγωγής | Ημερομηνία απόκτησης | Ταξιθετικό σύμβολο | Αριθμός αντιτύπου | Κατάσταση απόσυρσης | Κατάσταση χαμένου | Κατάσταση κατεστραμμένου | Μη δανεισμός | Σύνολο δανεισμών | Ημερομηνία τελευταίας εμφάνισης | Η τιμή ισχύει από |
|---|---|---|---|---|---|---|---|---|---|---|---|---|---|---|
| Books | MC Athens Campus Library | MC Athens Campus Library | 9780000036865 | 2936 | 05/06/2025 | 658.83 KIR | 1 | 05/06/2025 | 05/06/2025 |